Teoría social y metateoría hoy: el caso de Anthony Giddens
I tiakina i:
| Kaituhi matua: | |
|---|---|
| Hōputu: | Pukapuka |
| Reo: | Pāniora |
| I whakaputaina: |
Madrid
Siglo XXI
1994
|
| Rangatū: | Colección Monografías, 136
|
| Ngā marau: | |
| Ngā Tūtohu: |
Tāpirihia he Tūtohu
Kāore He Tūtohu, Me noho koe te mea tuatahi ki te tūtohu i tēnei pūkete!
|
MARC
| LEADER | 00000nam a2200000 a 4500 | ||
|---|---|---|---|
| 001 | UCM0790 | ||
| 003 | CL-VaPUC | ||
| 008 | 020315e19941100SP |||||||||||||||||spa|d | ||
| 082 | 0 | 4 | |a 300.1 |b GAR |2 21 |
| 100 | |a García Selgas, Fernando J |e author |9 586268 | ||
| 245 | 1 | 0 | |a Teoría social y metateoría hoy: el caso de Anthony Giddens |
| 300 | |a 177 p | ||
| 942 | |c BK | ||
| 945 | |d 20020315 00:00:00 |a vberengu | ||
| 260 | |a Madrid |b Siglo XXI |c 1994 | ||
| 600 | 0 | 7 | |a GIDDENS, ANTHONY |2 CL-VaPUC |9 467769 |
| 650 | 7 | |a TEORIA SOCIAL |2 CL-VaPUC |9 393289 | |
| 583 | |a last modification |c 20020315 00:00:00 |k Rodrigo Vera | ||
| 490 | 0 | |a Colección Monografías, 136 | |
| 999 | |c 299610 |d 299608 | ||
| 952 | |0 0 |1 0 |4 0 |6 300_100000000000000_GAR_1994 |7 0 |8 A |9 356343 |a BIBGIM |b BIBGIM |d 2019-11-21 |i 3797147 |o 300.1 GAR 1994 |p 3797147 |r 2025-01-15 |w 2019-11-21 |y BK |k GIM | ||
| 952 | |0 0 |1 0 |4 0 |6 300_100000000000000_GAR_1994 |7 0 |8 A |9 356344 |a BIBGIM |b BIBGIM |d 2019-11-21 |i 3633063 |o 300.1 GAR 1994 |p 3633063 |r 2025-01-15 |w 2019-11-21 |y BK |k GIM | ||